| 000 | 00489nam a2200157 a 4500 | ||
|---|---|---|---|
| 001 | 3247 | ||
| 003 | CDMR | ||
| 005 | 20130116135241.0 | ||
| 008 | 130130s1992||||||||||||||||||||||||||||d | ||
| 040 |
_aCDMR _bcat _cCDMR |
||
| 111 | 2 |
_aCongrés de Periodistes Catalans _cBarcelona _d1992 _n2on _9148 |
|
| 245 | 1 | 0 | _aPrograma del Segon Congrès de Periodistes Catalans |
| 260 |
_aBarcelona _c1992 _bComité organitzador Segon Congrès de Periodistes Catalans |
||
| 300 |
_a[2] f ; _c21 cm |
||
| 942 | _cMON | ||
| 999 |
_c3247 _d3247 |
||